| 000 | 00511nam a22001577a 4500 | ||
|---|---|---|---|
| 003 | OSt | ||
| 005 | 20151002143345.0 | ||
| 008 | 151002b xxu||||| |||| 00| 0 eng d | ||
| 040 | _cRUA | ||
| 082 | _aAVM PIS 1995 B069 Or.1 | ||
| 100 |
_91767 _aPISAK PANHA |
||
| 245 | _aការចិញ្ចឹមជ្រូកយកសាច់ជាលក្ខណះគ្រួសារ នៅខេត្តសៀមរាប,) | ||
| 260 |
_aphnom penh _bRUA _c1995 |
||
| 300 |
_a65p. _bill. _c29cm. |
||
| 942 |
_2ddc _cAVM |
||
| 999 |
_c1671 _d1671 |
||